000 02084cam a2200217 4500500
005 20260329014359.0
041 _afre
042 _adc
100 1 0 _aEllini, Sana
_eauthor
700 1 0 _aEllouze, Faten
_eauthor
700 1 0 _aChennoufi, Leila
_eauthor
700 1 0 _aCheour, Mejda
_eauthor
700 1 0 _aFadel M’rad, Mohamed
_eauthor
245 0 0 _aPages de début
260 _c2014.
500 _a61
520 _aLe stress professionnel peut être rencontré dans plusieurs domaines. Le milieu psychiatrique représente l’un des secteurs professionnels où le stress subi par les infirmiers est important car à côté des soins qu’ils assurent, ils sont en confrontation directe avec le malade psychiatrique. Dans notre étude, on s’est intéressé à évaluer le niveau de stress chez un groupe d’infirmiers exerçant dans des services de psychiatrie, à identifier les principaux déterminants psycho-sociaux en rapport avec l’état de stress et de rechercher une dépression survenue suite à ce stress. La connaissance de ces répercussions sur le personnel nous aide à aménager et à améliorer les conditions au travail jugées stressantes afin de protéger les personnels et garantir une meilleure qualité de travail.
520 _aThe stress can be encountered in several areas. The psychiatric hospital is one of the professional sectors where the stress experienced by nurses is important because, in addition to the care they provide, they are in direct confrontation with the psychiatric patient. In our study, we are interested to assess the level of stress in a group of nurses working in psychiatric services, to identify the main psycho-social status relation stress and seek a depression occurred following stress. Knowledge of the impact on staff helps us to develop and improve work conditions considered stressful to protect staff and ensure a better quality of work.
786 0 _nPsy Cause | 67 | 3 | 2014-01-19 | p. 1-1 | 1245-2394
856 4 1 _uhttps://shs.cairn.info/revue-psy-cause-2014-3-page-1?lang=fr&redirect-ssocas=7080
999 _c1888627
_d1888627